Smallest Countries by Continent Quiz Stats

 Plays Quiz Updated Sep 13, 2018

Score 0/30 Timer 06:00
12 Plays Today
Continent Country % Correct
EuropeVatican City (0.44 sq. kms)
92.8%
EuropeMonaco (2 sq. kms)
82.1%
EuropeSan Marino (61 sq. kms)
78.2%
EuropeLiechtenstein (160 sq. kms)
76.4%
EuropeMalta (316 sq. kms)
75.8%
South AmericaGuyana (214,969 sq. kms)
74.2%
South AmericaSuriname (163,820 sq. kms)
74.2%
South AmericaUruguay (176,215 sq. kms)
72.9%
South AmericaParaguay (406,752 sq. kms)
72.6%
South AmericaEcuador (283,561 sq. kms)
69.8%
North AmericaSt. Kitts & Nevis (261 sq. kms)
65.3%
AsiaSingapore (697 sq. kms)
63.1%
AfricaSeychelles (455 sq. kms)
62.8%
North AmericaBarbados (430 sq. kms)
59.3%
OceaniaTuvalu (26 sq. kms)
58.3%
Continent Country % Correct
North AmericaSt. Vincent & the Grenadines (389 sq. kms)
57.9%
OceaniaNauru (21 sq. kms)
57.6%
AfricaSao Tome and Principe (964 sq. kms)
57.2%
AfricaCabo Verde (4,033 sq. kms)
56.7%
AsiaBrunei (5,765 sq. kms)
56.3%
OceaniaPalau (459 sq. kms)
56.2%
AfricaComoros (2,235 sq. kms)
56.1%
North AmericaGrenada (344 sq. kms)
55.9%
North AmericaAntigua & Barbuda (443 sq. kms)
55.9%
OceaniaMarshall Islands (181 sq. kms)
55.6%
OceaniaMicronesia (702 sq. kms)
55.1%
AsiaMaldives (298 sq. kms)
54.9%
AfricaMauritius (2,040 sq. kms)
53.6%
AsiaBahrain (741 sq. kms)
52.9%
AsiaPalestine (6,220 sq. kms)
37.6%

You're not logged in!

Compare scores with friends on all Sporcle quizzes.
OR
Log In

Sporcle TV

Today on Sporcle TV


Watch our educational content, quiz creation guides, and fun videos on Sporcle TV.

Show Comments

Extras

Top Quizzes Today


Score Distribution

Your Account Isn't Verified!

In order to create a playlist on Sporcle, you need to verify the email address you used during registration. Go to your Sporcle Settings to finish the process.

Report this User

Report this user for behavior that violates our Community Guidelines.

Details: